Zostavenie marketingového mixu spoločnosti bakalárska práca

Gespeichert in:
Bibliographische Detailangaben
1. Verfasser: Mikolaj, Maroš
Körperschaft: Fakulta podnikového manažmentu EU. Katedra podnikovohospodárska
Weitere Verfasser: Michalcová, Zuzana, 1984-
Format: Buch
Sprache:Slowakisch
Veröffentlicht: Bratislava 2010
Tags: Tag hinzufügen
Keine Tags, Fügen Sie das erste Tag hinzu!

MARC

LEADER 00000nbm a2200000 4500
001 0133605
005 20161109111539.4
041 0 |a slo 
044 |a SK 
245 1 0 |a Zostavenie marketingového mixu spoločnosti  |b bakalárska práca  |c Maroš Mikolaj ; školiteľ: Zuzana Michalcová 
264 1 |a Bratislava  |c 2010 
300 |a 47 s. 
100 1 |a Mikolaj, Maroš 
700 1 |a Michalcová, Zuzana, 1984- 
710 2 |a Fakulta podnikového manažmentu EU. Katedra podnikovohospodárska